MDQL
is popping MORE tags! Check the
thread
!
Quizzes
Events
Quiz Creation
Community
Videos
Private Events
Remove Ads
Sign In
Join for FREE
Feedback
Dark Mode
Quiz Categories
Sports
Geography
Music
Movies
Television
Just For Fun
Miscellaneous
History
Literature
Language
Science
Gaming
Entertainment
Religion
Holiday
For Kids
Quiz Lab
Recent
Popular Today
Quiz Kudos Today
Editor Picks
Curator Picks
Quizzes by...
Day
Popularity
Type
Ratings
Length
Year
Community
Subscriptions
Recent Discussions
Orange Saloon
Badges
Playlists
Quests
Create
Leaderboards
Showdown
Live 5
Trivia Bingo
Activity
Puzzle Library
Sporcle Events
Private Events
Virtual Trivia
Globe League
Become a Host
Pub Owners
SporcleCon
Opinionation
Our Games
Videos
Blog
Mobile Apps
Partnerships
Remove Ads and Go Orange
Feedback
Movies
Disney
Marvel Cinematic Universe
Movie Resume
Movie Titles
Oscar
Actor
Actress
Director
Pixar
Role
Movie Quotes
Movie Characters
Box Office
Nominee
Best Picture
Star Wars
James Bond
Horror Movies
Movies
Disney
Marvel Cinematic Universe
Movie Resume
Movie Titles
Oscar
Actor
Actress
Director
Pixar
Role
Movie Quotes
Movie Characters
Box Office
Nominee
Best Picture
Star Wars
James Bond
Horror Movies
Random Quiz
Search Sporcle
×
Quiz Lab
Quiz Lab
Movies
Play
Type in answers that appear in a list
Type in answers that appear in a list
Classic
Best Score? Go Orange.
When Actors Play The Title Role Stats
Can you name the movies where these actors' character names appear in the movies' title?
By
pator
12m
41 Questions
306 Plays
306 Plays
306 Plays
Comments
Comments
Give Quiz Kudos
Give Quiz Kudos
-
- Ratings
hide this ad
Replay
Link that replays current quiz
Next Quiz
Link to next quiz in quiz playlist
You Got
0%
They Got
Avg Score
46%
Avg Friend Score
Upgrade to see
Score Distribution
Jump to the score distribution portion of the page
Score
0/41
Timer
12:00
0
Plays Today
Actor
Movie
% Correct
Tom Hanks
Forrest Gump
85.6%
Matt Damon
The Bourne Identity
79.4%
Jim Carrey
Ace Ventura: Pet Detective
77.8%
Jim Carrey
Ace Ventura: When Nature Calls
77.8%
Matt Damon
The Bourne Supremacy
77.5%
Matt Damon
The Bourne Ultimatum
77.1%
Matt Damon
Good Will Hunting
75.5%
George Clooney
Ocean's Eleven
73.2%
George Clooney
Ocean's Twelve
70.6%
George Clooney
Ocean's Thirteen
70.6%
Will Smith
Hancock
69.3%
Brad Pitt
The Curious Case of Benjamin Button
69%
Jim Carrey
The Truman Show
60.1%
George Clooney
Michael Clayton
57.5%
Meryl Streep
Julie & Julia
57.2%
Will Smith
Ali
57.2%
Meryl Streep
Kramer vs. Kramer
55.2%
Meryl Streep
Sophie's Choice
52.6%
Brad Pitt
Mr & Mrs Smith
52%
Tom Hanks
Charlie Wilson's War
45.4%
Jim Carrey
Bruce Almighty
45.1%
Actor
Movie
% Correct
George Clooney
The Fantastic Mr. Fox
43.1%
Matt Damon
The Talented Mr. Ripley
42.8%
Will Smith
Hitch
41.8%
Brad Pitt
Meet Joe Black
40.5%
Matt Damon
Saving Private Ryan
38.2%
Jim Carrey
How The Grinch Stole Christmas
37.3%
Tom Hanks
Joe Versus The Volcano
35.9%
Tom Hanks
Turner & Hooch
31.7%
Will Smith
The Legend of Bagger Vance
31%
Will Smith
Wild Wild West
28.4%
George Clooney
Batman & Robin
28.1%
Meryl Streep
Silkwood
20.3%
Jim Carrey
Fun With Dick & Jane
19.9%
Brad Pitt
Sinbad: The Legend of the Seven Seas
17.6%
Brad Pitt
The Assassination of Jesse James by the Coward Robert Ford
16.7%
Tom Hanks
Larry Crowne
10.8%
Brad Pitt
Johnny Suede
9.8%
Matt Damon
Spirit: Stallion of the Cimarron
8.8%
Matt Damon
The Brothers Grimm
8.2%
Matt Damon
Gerry
7.8%
Quiz Playlist
Details
Report
Send in Message
Add To Playlist
Classic:
Type in answers that appear in a list
Last Updated: Feb 16, 2017
Quiz Scoreboard
CHALLENGE
Sign Up to Join the Scoreboard
Show All
Scores
Hide
Comments
May contain spoilers
Recently Published
Two Season TV Shows II
by 123Four
Television
10m
Image Sorting: Flags VI
by Barbecue
Geography
2m
Find the 'City' Movie
by crazypaving
Movies
60s
More to Explore
Quiz From the Vault
Featured Blog Post
14 Easter Pick-up Lines to Find Eggs With
hide this ad
You Might Also Like...
Tags
Actor Quiz
Play Quiz
Role Quiz
The Title
Today's Top Quizzes in Movies
Browse Movies
hide this ad
Today's Top Quizzes in Play
Browse Play
Top Contributed Quizzes in Movies
1
The ultimate James Bond movie quiz
2
Find The 'Big' Movie
3
Find The 'Wild' Movie
4
Find The 'Blue' Movie
5
Movies By Plot
6
Hidden Star Wars Character II
7
Pick 5 Posters: Directed by Spielberg
8
Hidden Star Wars Character III
9
Hidden Star Wars Character IV
10
25 Best Actor Nominees (1990s)
Explore More
Trending Topics
Marvel
NBA
Crossword
Kpop
Disney
Anime
Harry Potter
NFL
Country
Puzzle
Pokémon
Song
Soccer
The Office
WWE
hide this ad
More By:
pator
Quiz
Plays
Rating
Category
Featured
Created
Countries That Don't End in a Vowel (A-Z)
197,834
4.18
Geography
Jun 5, 2011
Name The Most Populous...
75,992
4.42
Geography
May 2, 2012
Isolated Capitals By Country
64,303
4.47
Geography
Aug 19, 2011
Holy Oscar Winners Batman!
57,565
4.50
Movies
Aug 25, 2011
Capital Ain't The Biggest City
26,402
3.79
Geography
Jan 8, 2011
Go to Creator's Profile
Score Distribution
Quiz Creator Spotlight
pator
Follow
Send a Message
Quizzes Created
-
Created Quiz Play Count
-
More By This Creator
Popular Quizzes Today
1
Find the US States - No Outlines Minefield
2
Colored Red Africa Blitz
3
Find the 'City' Movie
4
5x2 Blitz: Bands
5
The Countries of the World
6
Find the Countries of Europe - No Outlines Minefield
7
Find the US States
8
US States
More Movies Quizzes
5 Blitz: Actresses
Quiz Lab
Trending Quizzes
Colored Red Europe Blitz I
Colored Red Africa Blitz II
Colored Red Europe Blitz II
Colored Red Africa Blitz III
Colored Red Europe Blitz III
Recently Updated
How Do You Spell That?
pecheneg
Godzilla Movies
pecheneg
Grab Bag: 4-10 Letters
pecheneg
2024 March Madness Bracket
pecheneg
Famous TV Couples
Peacemaker
Champions League XIs: Real Madrid
pecheneg
Largest US Cities 1790-2010
pecheneg
Rides in Walt Disney World
pecheneg
Most Oscar Losses (Acting)
pecheneg
Beyoncé Albums
pecheneg
Trending Topics
Crossword
NBA
Anime
Harry Potter
Disney
Marvel
Kpop
Pokémon
The Office
WWE
Country
Song
Puzzle
Soccer
NFL
Your Account Isn't Verified!
In order to create a playlist on Sporcle, you need to verify the email address you used during registration. Go to your
Sporcle Settings
to finish the process.
Report this User
Report this user for behavior that violates our
Community Guidelines
.
Details:
Send Report
Go to the Sporcle.com Mobile Site →
Comments